|
|
|
|
| LEADER |
01126nam a2200301 a 4500 |
| 001 |
12835877 |
| 008 |
091229s2003 nyu b 001 0 eng d |
| 010 |
|
|
|a \\2002027002
|
| 020 |
|
|
|a 8189013610
|
| 020 |
|
|
|a 1842770284 (cased)
|
| 020 |
|
|
|a 1842770292 (limp)
|
| 040 |
|
|
|a DLC
|c DLC
|d DLC
|d BD-DhAAL
|
| 082 |
0 |
0 |
|a 305.42
|2 21
|
| 245 |
0 |
0 |
|a Feminist futures :
|b re-imagining women, culture and development /
|c edited by Kum-Kum Bhavnani, John Foran and Priya A. Kurian.
|
| 260 |
|
|
|a New York :
|b Zed Books,
|c 2003.
|
| 300 |
|
|
|a xvii, 309 p. ;
|c 24 cm.
|
| 504 |
|
|
|a Includes bibliographical references and index.
|
| 541 |
1 |
|
|e 00016553
|
| 650 |
|
0 |
|a Feminism.
|
| 650 |
|
0 |
|a Women
|x Social conditions
|v Cross-cultural studies.
|
| 650 |
|
0 |
|a Sex role
|v Cross-cultural studies.
|
| 700 |
1 |
|
|a Bhavnani, Kum-Kum.
|
| 700 |
1 |
|
|a Foran, John.
|
| 700 |
1 |
|
|a Kurian, Priya A.
|
| 852 |
4 |
|
|a Ayesha Abed Library
|j General shelf
|
| 942 |
0 |
0 |
|0 1
|
| 999 |
|
|
|c 6483
|d 6483
|
| 952 |
|
|
|0 0
|1 0
|2 ddc
|4 0
|6 305_420000000000000_FEM_2006
|7 0
|9 6580
|a BRACUL
|b BRACUL
|c GEN
|d 2009-12-29
|g 990.00
|l 6
|m 13
|o 305.42 FEM
|p 3010016553
|r 2026-02-23
|s 2026-02-22
|t 1
|w 2009-12-29
|y BK
|